Методы измерения наклонов водной поверхности радиолокатором с ножевой диаграммой направленности антены; Исследование Земли из космоса; № 5

Bibliographic Details
Parent link:Исследование Земли из космоса: научный журнал/ Российская академия наук (РАН).— , 1980-.— 0205-9614
№ 5.— 2003.— С. 51-63
Other Authors: Караев В. Ю., Каневский М. Б., Баландина Г. Н., Мешков Е. М., Челленор П., Срокоез М., Гомменджинджер К.
Language:Russian
Published: 2003
Series:Методы и средства обработки и интерпретации космической информации
Subjects:
Format: Book Chapter
KOHA link:https://koha.lib.tpu.ru/cgi-bin/koha/opac-detail.pl?biblionumber=390127

MARC

LEADER 00000naa2a2200000 4500
001 390127
005 20231101063934.0
035 |a (RuTPU)RU\TPU\prd\22868 
090 |a 390127 
100 |a 20040218a2003 k y0rusy50 ca 
101 0 |a rus 
102 |a RU 
200 1 |a Методы измерения наклонов водной поверхности радиолокатором с ножевой диаграммой направленности антены  |f В. Ю. Караев, М. Б. Каневский, Г. Н. Баландина и др. 
225 1 |a Методы и средства обработки и интерпретации космической информации 
320 |a Библиогр.: 27 назв. 
461 1 |0 (RuTPU)RU\TPU\prd\1522  |x 0205-9614  |t Исследование Земли из космоса  |o научный журнал  |f Российская академия наук (РАН)  |d 1980- 
463 1 |0 (RuTPU)RU\TPU\prd\20136  |t № 5  |v С. 51-63  |d 2003 
610 1 |a морские поверхности 
610 1 |a надирное зондирование 
610 1 |a радиолокационные методы 
610 1 |a ножевая диаграмма 
610 1 |a направленность 
610 1 |a антены 
610 1 |a дисперсии наклонов 
610 1 |a тестирование 
675 |a 528.873.044.1  |v 3 
701 1 |a Караев  |b В. Ю. 
701 1 |a Каневский  |b М. Б. 
701 1 |a Баландина  |b Г. Н. 
701 1 |a Мешков  |b Е. М. 
701 1 |a Челленор  |b П. 
701 1 |a Срокоез  |b М. 
701 1 |a Гомменджинджер  |b К. 
801 1 |a RU  |b 63413507  |c 20040218  |g PSBO 
801 2 |a RU  |b 63413507  |c 20130401  |g RCR 
942 |c BK